Report of the national youth employment council on the work of the youth employment service (Record no. 419237)

000 -LEADER
fixed length control field 00451cam a22001097a 4500
008 - FIXED-LENGTH DATA ELEMENTS--GENERAL INFORMATION
fixed length control field 180718b1953 xxu||||| |||| 00| 0 eng d
082 ## - DEWEY DECIMAL CLASSIFICATION NUMBER
Classification number R175x42 1950-53
245 ## - TITLE STATEMENT
Title Report of the national youth employment council on the work of the youth employment service
Statement of responsibility, etc. by Ministry of Labour and National Service
260 ## - PUBLICATION, DISTRIBUTION, ETC.
Place of publication, distribution, etc. London
Name of publisher, distributor, etc. Her Majesty's Stationery Office
Date of publication, distribution, etc. 1953
300 ## - PHYSICAL DESCRIPTION
Extent 49p
700 ## - ADDED ENTRY--PERSONAL NAME
Personal name United Kingdom. Ministry of the Labour and National Service
Holdings
Withdrawn status Lost status Damaged status Not for loan Permanent Location Current Location Date acquired Full call number Barcode Date last seen Price effective from Koha item type
        Indian Institute of Public Administration Indian Institute of Public Administration 2009-07-01 R175x42 1950-53 1431 2018-07-21 2018-07-21 Book

Powered by Koha